{"text_format":"3","workbook":"xlsx","n_sheets":1,"sheets":["st2_protocoldata_subj"],"not_rendered":{"defined_names":1},"read":"whole","date_system":"1900"}

{"sheet":"st2_protocoldata_subj","index":0,"n_rows":41,"n_cols":14,"rows_kept":41}
["№","Фамлия","Имя","Отчество","Пол","Участник с ОВЗ","Класс","Класс участия","Балл","Макс. Балл","Статус","Призер МЭ прошлого года","Учитель","Место работы учителя"]
[1,3,4,5,6,8,9,10,11,12,13,14,15,16]
[1,"Сираева","Диана","Тимуровна","ж","нет",11,11,82,100,"победитель","нет","Хайдарова Резеда Рафиковна","Государственное бюджетное общеобразовательное учреждение \"Кадетская школа №82 имени Героя Советского Союза Ильдара Маннанова\" г. Набережные Челны Республики Татарстан"]
[2,"Ермошин","Матвей","Игоревич","м","нет",11,11,66,100,"призер","нет","Хайдарова Резеда Рафиковна","Государственное бюджетное общеобразовательное учреждение \"Кадетская школа №82 имени Героя Советского Союза Ильдара Маннанова\" г. Набережные Челны Республики Татарстан"]
[3,"Габитов","Айрат","Ильсурович","м","нет",11,11,48,100,"участник","нет","Хайдарова Резеда Рафиковна","Государственное бюджетное общеобразовательное учреждение \"Кадетская школа №82 имени Героя Советского Союза Ильдара Маннанова\" г. Набережные Челны Республики Татарстан"]
[4,"Стариков","Ярослав","Сергеевич","м","нет",11,11,40,100,"участник","нет","Хайдарова Резеда Рафиковна","Государственное бюджетное общеобразовательное учреждение \"Кадетская школа №82 имени Героя Советского Союза Ильдара Маннанова\" г. Набережные Челны Республики Татарстан"]
[5,"Балаев","Руслан","Нурланович","м","нет",11,11,30,100,"участник","нет","Хайдарова Резеда Рафиковна","Государственное бюджетное общеобразовательное учреждение \"Кадетская школа №82 имени Героя Советского Союза Ильдара Маннанова\" г. Набережные Челны Республики Татарстан"]
[6,"Лунин","Владислав","Евгеньевич","м","нет",10,10,86,100,"победитель","нет","Хайдарова Резеда Рафиковна","Государственное бюджетное общеобразовательное учреждение \"Кадетская школа №82 имени Героя Советского Союза Ильдара Маннанова\" г. Набережные Челны Республики Татарстан"]
[7,"Шелков","Константин","Николаевич","м","нет",10,10,70,100,"призер","нет","Хайдарова Резеда Рафиковна","Государственное бюджетное общеобразовательное учреждение \"Кадетская школа №82 имени Героя Советского Союза Ильдара Маннанова\" г. Набережные Челны Республики Татарстан"]
[8,"Шакиров","Эдуард","Олегович","м","нет",10,10,66,100,"участник","нет","Хайдарова Резеда Рафиковна","Государственное бюджетное общеобразовательное учреждение \"Кадетская школа №82 имени Героя Советского Союза Ильдара Маннанова\" г. Набережные Челны Республики Татарстан"]
[9,"Халитов","Артур","Ленарович","м","нет",10,10,48,100,"участник","нет","Хайдарова Резеда Рафиковна","Государственное бюджетное общеобразовательное учреждение \"Кадетская школа №82 имени Героя Советского Союза Ильдара Маннанова\" г. Набережные Челны Республики Татарстан"]
[10,"Хусаенов","Амир","Маратович","м","нет",10,10,32,100,"участник","нет","Хайдарова Резеда Рафиковна","Государственное бюджетное общеобразовательное учреждение \"Кадетская школа №82 имени Героя Советского Союза Ильдара Маннанова\" г. Набережные Челны Республики Татарстан"]
[11,"Ганиев","Георгий","Дмитриевич","м","нет",9,9,88,100,"победитель","нет","Хайдарова Резеда Рафиковна","Государственное бюджетное общеобразовательное учреждение \"Кадетская школа №82 имени Героя Советского Союза Ильдара Маннанова\" г. Набережные Челны Республики Татарстан"]
[12,"Можаев","Дмитрий","Александрович","м","нет",9,9,76,100,"призер","нет","Хайдарова Резеда Рафиковна","Государственное бюджетное общеобразовательное учреждение \"Кадетская школа №82 имени Героя Советского Союза Ильдара Маннанова\" г. Набережные Челны Республики Татарстан"]
[13,"Камышов","Никита","Ильич","м","нет",9,9,54,100,"участник","нет","Хайдарова Резеда Рафиковна","Государственное бюджетное общеобразовательное учреждение \"Кадетская школа №82 имени Героя Советского Союза Ильдара Маннанова\" г. Набережные Челны Республики Татарстан"]
[14,"Кунах","Виктор","Евгеньевич","м","нет",9,9,42,100,"участник","нет","Хайдарова Резеда Рафиковна","Государственное бюджетное общеобразовательное учреждение \"Кадетская школа №82 имени Героя Советского Союза Ильдара Маннанова\" г. Набережные Челны Республики Татарстан"]
[15,"Матвеев","Адель","Робертович","м","нет",9,9,30,100,"участник","нет","Хайдарова Резеда Рафиковна","Государственное бюджетное общеобразовательное учреждение \"Кадетская школа №82 имени Героя Советского Союза Ильдара Маннанова\" г. Набережные Челны Республики Татарстан"]
[16,"Алюков","Булат","Маратович","м","нет",8,8,40,100,"участник","нет","Мусин Айрат Салихзянович","Государственное бюджетное общеобразовательное учреждение \"Кадетская школа №82 имени Героя Советского Союза Ильдара Маннанова\" г. Набережные Челны Республики Татарстан"]
[17,"Ахметшин","Рузаль","Ильназович","м","нет",8,8,44,100,"участник","нет","Мусин Айрат Салихзянович","Государственное бюджетное общеобразовательное учреждение \"Кадетская школа №82 имени Героя Советского Союза Ильдара Маннанова\" г. Набережные Челны Республики Татарстан"]
[18,"Натфуллина","Эллина","Амировна","ж","нет",8,8,50,100,"участник","нет","Мусин Айрат Салихзянович","Государственное бюджетное общеобразовательное учреждение \"Кадетская школа №82 имени Героя Советского Союза Ильдара Маннанова\" г. Набережные Челны Республики Татарстан"]
[19,"Дорофеев","Иван","Олегович","м","нет",8,8,86,100,"победитель","нет","Мусин Айрат Салихзянович","Государственное бюджетное общеобразовательное учреждение \"Кадетская школа №82 имени Героя Советского Союза Ильдара Маннанова\" г. Набережные Челны Республики Татарстан"]
[20,"Рамазанов","Айзат","Айратович","м","нет",8,8,70,100,"призер","нет","Мусин Айрат Салихзянович","Государственное бюджетное общеобразовательное учреждение \"Кадетская школа №82 имени Героя Советского Союза Ильдара Маннанова\" г. Набережные Челны Республики Татарстан"]
[21,"Арсланов","Камиль","Маратович","м","нет",7,7,68,100,"участник","нет","Хайдарова Резеда Рафиковна","Государственное бюджетное общеобразовательное учреждение \"Кадетская школа №82 имени Героя Советского Союза Ильдара Маннанова\" г. Набережные Челны Республики Татарстан"]
[22,"Гареев","Тимур","Фларитович","м","нет",7,7,44,100,"участник","нет","Хайдарова Резеда Рафиковна","Государственное бюджетное общеобразовательное учреждение \"Кадетская школа №82 имени Героя Советского Союза Ильдара Маннанова\" г. Набережные Челны Республики Татарстан"]
[23,"Коноплева","Яна","Сергеевна","ж","нет",7,7,34,100,"участник","нет","Хайдарова Резеда Рафиковна","Государственное бюджетное общеобразовательное учреждение \"Кадетская школа №82 имени Героя Советского Союза Ильдара Маннанова\" г. Набережные Челны Республики Татарстан"]
[24,"Малышев","Илья","Ильвирович","м","нет",7,7,40,100,"участник","нет","Мусин Айрат Салихзянович","Государственное бюджетное общеобразовательное учреждение \"Кадетская школа №82 имени Героя Советского Союза Ильдара Маннанова\" г. Набережные Челны Республики Татарстан"]
[25,"Храмова","София","Максимовна","ж","нет",7,7,86,100,"победитель","нет","Мусин Айрат Салихзянович","Государственное бюджетное общеобразовательное учреждение \"Кадетская школа №82 имени Героя Советского Союза Ильдара Маннанова\" г. Набережные Челны Республики Татарстан"]
[26,"Цысарь","Ирина","Анатольевна","ж","нет",7,7,74,100,"призер","нет","Мусин Айрат Салихзянович","Государственное бюджетное общеобразовательное учреждение \"Кадетская школа №82 имени Героя Советского Союза Ильдара Маннанова\" г. Набережные Челны Республики Татарстан"]
[27,"Зольникова","Дания","Андреевна","ж","нет",6,6,46,100,"участник","нет","Мусин Айрат Салихзянович","Государственное бюджетное общеобразовательное учреждение \"Кадетская школа №82 имени Героя Советского Союза Ильдара Маннанова\" г. Набережные Челны Республики Татарстан"]
[28,"Юрьев","Андрей","Алексеевич","м","нет",6,6,44,100,"участник","нет","Мусин Айрат Салихзянович","Государственное бюджетное общеобразовательное учреждение \"Кадетская школа №82 имени Героя Советского Союза Ильдара Маннанова\" г. Набережные Челны Республики Татарстан"]
[29,"Мухаметгараев","Амир","Ильнурович","м","нет",6,6,42,100,"участник","нет","Мусин Айрат Салихзянович","Государственное бюджетное общеобразовательное учреждение \"Кадетская школа №82 имени Героя Советского Союза Ильдара Маннанова\" г. Набережные Челны Республики Татарстан"]
[30,"Некрасова","Нелли","Кирилловна","ж","нет",6,6,66,100,"призер","нет","Мусин Айрат Салихзянович","Государственное бюджетное общеобразовательное учреждение \"Кадетская школа №82 имени Героя Советского Союза Ильдара Маннанова\" г. Набережные Челны Республики Татарстан"]
[31,"Тимирбулатов","Марсель","Филюсович","м","нет",6,6,48,100,"участник","нет","Мусин Айрат Салихзянович","Государственное бюджетное общеобразовательное учреждение \"Кадетская школа №82 имени Героя Советского Союза Ильдара Маннанова\" г. Набережные Челны Республики Татарстан"]
[32,"Хуснетдинова","Таисия","Ранилевна","ж","нет",6,6,72,100,"призер","нет","Мусин Айрат Салихзянович","Государственное бюджетное общеобразовательное учреждение \"Кадетская школа №82 имени Героя Советского Союза Ильдара Маннанова\" г. Набережные Челны Республики Татарстан"]
[33,"Матвеева","Ольга","Андреевна","ж","нет",6,6,84,100,"победитель","нет","Мусин Айрат Салихзянович","Государственное бюджетное общеобразовательное учреждение \"Кадетская школа №82 имени Героя Советского Союза Ильдара Маннанова\" г. Набережные Челны Республики Татарстан"]
[34,"Чибишова","Аделина","Ильдаровна","ж","нет",5,5,56,100,"участник","нет","Хайдарова Резеда Рафиковна","Государственное бюджетное общеобразовательное учреждение \"Кадетская школа №82 имени Героя Советского Союза Ильдара Маннанова\" г. Набережные Челны Республики Татарстан"]
[35,"Гафуров","Альфир","Русланович","м","нет",5,5,50,100,"участник","нет","Хайдарова Резеда Рафиковна","Государственное бюджетное общеобразовательное учреждение \"Кадетская школа №82 имени Героя Советского Союза Ильдара Маннанова\" г. Набережные Челны Республики Татарстан"]
[36,"Олейников","Кирилл","Денисович","м","нет",5,5,44,100,"участник","нет","Хайдарова Резеда Рафиковна","Государственное бюджетное общеобразовательное учреждение \"Кадетская школа №82 имени Героя Советского Союза Ильдара Маннанова\" г. Набережные Челны Республики Татарстан"]
[37,"Хамматов","Нурислам","Маратович","м","нет",5,5,58,100,"участник","нет","Мусин Айрат Салихзянович","Государственное бюджетное общеобразовательное учреждение \"Кадетская школа №82 имени Героя Советского Союза Ильдара Маннанова\" г. Набережные Челны Республики Татарстан"]
[38,"Казарина","Аделина","Максимовна","ж","нет",5,5,82,100,"победитель","нет","Мусин Айрат Салихзянович","Государственное бюджетное общеобразовательное учреждение \"Кадетская школа №82 имени Героя Советского Союза Ильдара Маннанова\" г. Набережные Челны Республики Татарстан"]
[39,"Шарыпов","Игорь","Дмитриевич","м","нет",5,5,64,100,"призер","нет","Мусин Айрат Салихзянович","Государственное бюджетное общеобразовательное учреждение \"Кадетская школа №82 имени Героя Советского Союза Ильдара Маннанова\" г. Набережные Челны Республики Татарстан"]